Svarka plastmass uľtrazvukom /

Salvato in:
Dettagli Bibliografici
Autori principali: Volkov, Stanislav Stepanovič (Autore), Černjak, Boris Jakovlevič (Autore)
Natura: Libro
Lingua:russo
Pubblicazione: Moskva : Chimija, 1986
Edizione:2.pererab.i dopol.izd.
Soggetti:
Tags: Aggiungi Tag
Nessun Tag, puoi essere il primo ad aggiungerne!!

MARC

LEADER 00000nam a22000003a 4500
001 stu44115
005 20150617225717.8
008 950127s1986----xxr-----------------rus-d
040 |a STU  |b slo 
041 0 |a rus 
044 |a xxr 
080 |a 621.791.1 
100 1 |a Volkov, Stanislav Stepanovič  |4 aut 
245 1 |a Svarka plastmass uľtrazvukom /  |c [aut.]Stanislav S. Volkov, Boris Ja. Černjak 
250 |a 2.pererab.i dopol.izd. 
260 |a Moskva :  |b Chimija,  |c 1986 
300 |a 254 s 
650 7 |a zváranie ultrazvukom  |2 stusub 
650 7 |a ultrazvuk  |2 stusub 
650 7 |a zváranie  |2 stusub 
700 1 |a Černjak, Boris Jakovlevič  |4 aut 
996 |b 284M062047  |c M*719-2  |l MMKN  |s A  |a 24  |w stu44115_0001